LEADER 01060nam1 2200385 450 001 990000336070203316 005 2000120201023240 035 $a0033607 035 $aUSA010033607 035 $a(ALEPH)000033607USA01 035 $a0033607 100 $a20001202f19971900|||||ita|01 ba 101 $ager 102 $aDE 105 $a|||| ||||| 200 1 $aStrafrecht$eAllgemeiner Teil$fvon Claus Roxin 210 $aMunchen$cBeck$d1997 215 $av.$d25 cm 606 $aDiritto penale$yGermania 676 $a345.43 700 1$aROXIN,$bClaus$0225725 801 0$aIT$bUNFI$c20001202 912 $a990000336070203316 951 $aIG XI 679 959 $aBK 969 $aGIU 979 $aTAMI$b40$c20010206$lUSA01$h1657 979 $aTAMI$b40$c20010206$lUSA01$h1725 979 $aTAMI$b40$c20010206$lUSA01$h1727 979 $aTAMI$b40$c20010207$lUSA01$h0844 979 $aTAMI$b40$c20010207$lUSA01$h0844 979 $c20020403$lUSA01$h1641 979 $aPATRY$b90$c20040406$lUSA01$h1623 996 $aStrafrecht$9673826 997 $aUNISA LEADER 01825oam 2200445M 450 001 9910716151203321 005 20200213070923.7 035 $a(CKB)5470000002518603 035 $a(OCoLC)1065609146 035 $a(OCoLC)995470000002518603 035 $a(EXLCZ)995470000002518603 100 $a20071213d1926 ua 0 101 0 $aeng 135 $aurcn||||||||| 181 $ctxt$2rdacontent 182 $cc$2rdamedia 183 $acr$2rdacarrier 200 10$aAdditional allotment of United States Supreme Court reports to War Department. March 30, 1926. -- Committed to the Committee of the Whole House on the State of the Union and ordered to be printed 210 1$a[Washington, D.C.] :$c[U.S. Government Printing Office],$d1926. 215 $a1 online resource (3 pages) 225 1 $aHouse report / 69th Congress, 1st session. House ;$vno. 717 225 1 $a[United States congressional serial set ] ;$v[serial no. 8532] 300 $aBatch processed record: Metadata reviewed, not verified. Some fields updated by batch processes. 300 $aFDLP item number not assigned. 606 $aDocuments, Printing of 606 $aGovernment publications 606 $aLegislative amendments 608 $aLegislative materials.$2lcgft 615 0$aDocuments, Printing of. 615 0$aGovernment publications. 615 0$aLegislative amendments. 701 $aGraham$b George Scott$f1850-1931$pRepublican (PA)$01386798 801 0$bWYU 801 1$bWYU 801 2$bOCLCO 801 2$bOCLCQ 906 $aBOOK 912 $a9910716151203321 996 $aAdditional allotment of United States Supreme Court reports to War Department. March 30, 1926. -- Committed to the Committee of the Whole House on the State of the Union and ordered to be printed$93489767 997 $aUNINA